000 00262nam a22000977a 4500
041 _aeng
080 _a80
100 _aПередерій, Т. А.
245 _aНастановно-корективний курс фонетики анг. мови
999 _c280513
_d280513
942 _cBK